| 000 | 00597nam a22001817a 4500 | ||
|---|---|---|---|
| 003 | AM-YeHGA | ||
| 005 | 20250617153952.0 | ||
| 008 | 180330s xxu||||| |||| 00| 0 rus d | ||
| 040 | _aAM-YeHGA | ||
| 041 | 1 |
_arus _hukr |
|
| 100 | 1 | _aВоскрекасенко, Сергей Илларионович | |
| 245 | 1 | 0 |
_aСтихи : _bАвториз. пер. с укр. / _cС. Воскрекасенко. |
| 260 |
_aМосква : _bСоветский писатель, _c1953. |
||
| 300 | _a104 с. | ||
| 650 | 1 | 4 |
_aУкраинская поэзия _y20 в. |
| 942 |
_2udc _cBK |
||
| 090 | _c403974 | ||
| 999 |
_c401761 _d401761 |
||